[Event "DRUGA LIGA CENTRALNE SRBIJE - ISTOK 2017"]
[Site "Srebrno jezero"]
[Date "2017.10.07"]
[Round "9.1"]
[White "Djukic, Zeljko"]
[Black "Dmitrovic, Tomislav"]
[Result "1/2-1/2"]
[WhiteElo "2320"]
[BlackElo "2273"]
[PlyCount "24"]
[EventDate "2017.09.08"]

1. d4 e6 2. e4 d5 3. exd5 exd5 4. c4 Nf6 5. Nf3 Be7 6. h3 O-O 7. Nc3 c6 8. Be3
dxc4 9. Bxc4 Nbd7 10. O-O Nb6 11. Bb3 a5 12. Bg5 Nbd5 1/2-1/2

[Event "DRUGA LIGA CENTRALNE SRBIJE - ISTOK 2017"]
[Site "Srebrno jezero"]
[Date "2017.10.07"]
[Round "9.1"]
[White "Markovic, Marko"]
[Black "Ivic, Matija"]
[Result "0-1"]
[WhiteElo "2227"]
[BlackElo "2300"]
[PlyCount "76"]
[EventDate "2017.09.08"]

1. e4 c5 2. a3 g6 3. b4 Bg7 4. Ra2 d5 5. f3 dxe4 6. fxe4 cxb4 7. axb4 Qd4 8.
Nc3 Qxb4 9. Bb5+ Nc6 10. Ba3 Qd4 11. Nge2 Qd8 12. d4 a6 13. Bc5 Bd7 14. Nd5 e6
15. Bb6 Qh4+ 16. g3 Qxe4 17. Nc7+ Kf8 18. O-O Rc8 19. d5 axb5 20. dxe6 Bxe6 21.
Qd6+ Nge7 22. Nxe6+ Kg8 23. Nxg7 Qxe2 24. Qf6 Qc4 25. Ra3 Rf8 26. Qa1 Qd5 27.
Re3 Rc8 28. Qf6 h6 29. Ne6 Rh7 30. Nf4 Qg5 31. Qd6 Rf8 32. h4 Qg4 33. Qf6 Nf5
34. Rd3 Nxg3 35. Rxg3 Qxg3+ 36. Kh1 Re8 37. Rg1 Qf3+ 38. Rg2 Re6 0-1

[Event "DRUGA LIGA CENTRALNE SRBIJE - ISTOK 2017"]
[Site "Srebrno jezero"]
[Date "2017.10.07"]
[Round "9.1"]
[White "Djordjevic, Danilo"]
[Black "Raicevic, Ivica"]
[Result "1-0"]
[WhiteElo "2125"]
[BlackElo "2174"]
[PlyCount "61"]
[EventDate "2017.09.08"]

1. d4 e6 2. c4 Nf6 3. Nc3 Bb4 4. Nf3 c5 5. g3 O-O 6. Bg2 d6 7. O-O Bxc3 8. bxc3
Qa5 9. Qd3 cxd4 10. cxd4 e5 11. Qa3 Qc7 12. c5 dxc5 13. dxe5 Nd5 14. Ng5 Nb4
15. Bf4 Be6 16. Rac1 N8a6 17. Be4 h6 18. Nh7 Rfd8 19. Qf3 Nd5 20. Qh5 Nxf4 21.
gxf4 f5 22. exf6 Qxf4 23. Qg6 Qg4+ 24. Qxg4 Bxg4 25. Bxb7 Rab8 26. Bxa6 Kxh7
27. Rxc5 gxf6 28. Rc7+ Kh8 29. Bd3 f5 30. f3 Bh3 31. Rfc1 1-0

[Event "DRUGA LIGA CENTRALNE SRBIJE - ISTOK 2017"]
[Site "Srebrno jezero"]
[Date "2017.10.07"]
[Round "9.1"]
[White "Stojiljkovic, Stefan"]
[Black "Djukic, Nebojsa"]
[Result "1/2-1/2"]
[WhiteElo "2184"]
[BlackElo "2167"]
[PlyCount "32"]
[EventDate "2017.09.08"]

1. e4 e6 2. d4 d5 3. Nd2 Nf6 4. e5 Nfd7 5. Bd3 c5 6. c3 Nc6 7. Ne2 Qb6 8. Nf3
cxd4 9. cxd4 f6 10. exf6 Nxf6 11. O-O Bd6 12. b3 e5 13. dxe5 Nxe5 14. Nxe5 Bxe5
15. Rb1 O-O 16. Bf4 Bxf4 1/2-1/2

[Event "DRUGA LIGA CENTRALNE SRBIJE - ISTOK 2017"]
[Site "Srebrno jezero"]
[Date "2017.10.07"]
[Round "9.1"]
[White "Milosavljevic, Ivan"]
[Black "Arsic, Djordje"]
[Result "0-1"]
[WhiteElo "2063"]
[BlackElo "2137"]
[PlyCount "92"]
[EventDate "2017.09.08"]

1. e4 e5 2. Nc3 Nf6 3. Nf3 Nc6 4. Bc4 Nxe4 5. Bxf7+ Kxf7 6. Nxe4 d5 7. Neg5+
Kg8 8. d4 h6 9. Nh3 e4 10. Nfg1 Be6 11. Nf4 Bf7 12. Be3 Bd6 13. Qd2 Kh7 14. h4
Bb4 15. c3 Be7 16. g3 Na5 17. Ngh3 Nc4 18. Qe2 c6 19. Ng5+ Bxg5 20. hxg5 Qxg5
21. O-O-O Qf6 22. Rdg1 g5 23. Nh5 Bxh5 24. Qxh5 Kg7 25. Rf1 Raf8 26. Re1 Qf3
27. Qh3 Qf5 28. Qh5 Qg6 29. Qg4 Nxe3 30. fxe3 h5 31. Qh3 g4 32. Qh4 Qf6 33. Qh2
Qg5 34. Kd2 Rf3 35. Re2 Kg6 36. Rg1 Rhf8 37. Rge1 R8f5 38. Rg1 Qf6 39. a3 Rf2
40. Rg2 Rf1 41. Kc2 a5 42. Rg1 a4 43. Rxf1 Rxf1 44. Kd2 Rb1 45. c4 Rxb2+ 46.
Kc3 Rb3+ 0-1

[Event "DRUGA LIGA CENTRALNE SRBIJE - ISTOK 2017"]
[Site "Srebrno jezero"]
[Date "2017.10.07"]
[Round "9.1"]
[White "Marjanovic, Miroslav"]
[Black "Velickovic, Dusan"]
[Result "1-0"]
[WhiteElo "2107"]
[BlackElo "1970"]
[PlyCount "103"]
[EventDate "2017.09.08"]

1. e4 d5 2. exd5 Qxd5 3. Nc3 Qa5 4. d3 c6 5. g3 Nf6 6. h3 Bf5 7. Bg2 e6 8. Nge2
Bd6 9. O-O O-O 10. Bd2 Qd8 11. Ne4 Be7 12. Rb1 a5 13. a3 a4 14. Nxf6+ Bxf6 15.
Bc3 Nd7 16. Qd2 Qc7 17. Bxf6 Nxf6 18. Qf4 Qxf4 19. Nxf4 Nd5 20. Nxd5 cxd5 21.
g4 Bg6 22. f4 Rac8 23. Rf2 f6 24. Re1 Bf7 25. d4 Rfe8 26. c3 Kf8 27. Rfe2 Rc7
28. Re3 b6 29. Bf1 Ree7 30. Kf2 f5 31. Bd3 g6 32. Ke2 Be8 33. Kd2 Kf7 34. g5
Bc6 35. h4 Ra7 36. h5 Ra8 37. hxg6+ hxg6 38. Rh1 Rg8 39. Rh6 Ke8 40. Reh3 Reg7
41. Rh8 Kf7 42. R3h7 Rxh7 43. Rxh7+ Rg7 44. Rxg7+ Kxg7 45. c4 Kf7 46. Kc3 Ke7
47. cxd5 Bxd5 48. Kb4 Be4 49. Bc4 Bc6 50. Bb5 Kd6 51. Kxa4 Bxb5+ 52. Kxb5 1-0

[Event "DRUGA LIGA CENTRALNE SRBIJE - ISTOK 2017"]
[Site "Srebrno jezero"]
[Date "2017.10.07"]
[Round "9.2"]
[White "Trickovic, Borivoje"]
[Black "Cvetkovic, Nemanja"]
[Result "1/2-1/2"]
[WhiteElo "2227"]
[BlackElo "2253"]
[PlyCount "89"]
[EventDate "2017.09.08"]

1. d4 Nf6 2. Bg5 e6 3. Nd2 h6 4. Bxf6 Qxf6 5. Ngf3 g6 6. e4 d6 7. c3 Bg7 8. Be2
O-O 9. Qc2 Nd7 10. Nc4 b6 11. O-O Bb7 12. Ne3 Qe7 13. Nd2 c5 14. dxc5 bxc5 15.
Rfe1 Nb6 16. Rad1 d5 17. exd5 exd5 18. Bf3 Rfe8 19. g3 Rad8 20. Ng2 Qd7 21.
Rxe8+ Rxe8 22. Nb3 Rc8 23. Nf4 d4 24. Bxb7 Qxb7 25. cxd4 cxd4 26. Qe2 Rd8 27.
Nd3 Qa6 28. a3 Qb5 29. Nbc5 Rc8 30. Rc1 a5 31. Qc2 Bf8 32. Qb3 Qc6 33. a4 Re8
34. Qc2 Nd5 35. Qc4 Nb4 36. Qb5 Qxb5 37. axb5 Nxd3 38. Nxd3 Rb8 39. Rc4 Rxb5
40. Rxd4 Rb3 41. Rd8 Kg7 42. Rd7 Kf6 43. Rd5 g5 44. Nc5 Rxb2 45. Nd7+ 1/2-1/2

[Event "DRUGA LIGA CENTRALNE SRBIJE - ISTOK 2017"]
[Site "Srebrno jezero"]
[Date "2017.10.07"]
[Round "9.2"]
[White "Gajovic, Dragan"]
[Black "Petrov, Georgi"]
[Result "0-1"]
[WhiteElo "2141"]
[BlackElo "2227"]
[PlyCount "90"]
[EventDate "2017.09.08"]

1. g3 c5 2. Bg2 Nc6 3. f4 g6 4. Nf3 Bg7 5. Nc3 e6 6. b3 Nge7 7. Bb2 O-O 8. Na4
Bxb2 9. Nxb2 b6 10. d4 Nf5 11. dxc5 Ne3 12. Qd2 Nxg2+ 13. Kf2 Nxf4 14. Qxf4
bxc5 15. c4 d5 16. Rad1 d4 17. Na4 f6 18. h4 Qe7 19. Qh6 Bd7 20. e3 Ne5 21. Qf4
Bxa4 22. bxa4 Rab8 23. Kg2 Rb2+ 24. Kh3 Nxf3 25. Qxf3 e5 26. Qd5+ Kg7 27. exd4
cxd4 28. c5 Rd8 29. Qc4 Qd7+ 30. g4 Qc6 31. Qf1 Rdb8 32. g5 Qe6+ 33. Kg3 f5 34.
h5 Rxa2 35. h6+ Kf8 36. Rb1 Rb3+ 37. Rxb3 Qxb3+ 38. Kh4 Rxa4 39. Qb1 d3+ 40.
Kg3 Qxb1 41. Rxb1 d2 42. Kf2 Rd4 43. Ke2 d1=Q+ 44. Rxd1 Rxd1 45. Kxd1 Ke7 0-1

[Event "DRUGA LIGA CENTRALNE SRBIJE - ISTOK 2017"]
[Site "Srebrno jezero"]
[Date "2017.10.07"]
[Round "9.2"]
[White "Mincic, Srbislav"]
[Black "Jakovljevic, Dejan"]
[Result "1-0"]
[WhiteElo "2191"]
[BlackElo "2064"]
[PlyCount "67"]
[EventDate "2017.09.08"]

1. e4 e6 2. Nf3 d5 3. exd5 exd5 4. d4 Nc6 5. Bb5 a6 6. Bxc6+ bxc6 7. O-O Bd6 8.
Ne5 Ne7 9. Bg5 f6 10. Bxf6 Bxe5 11. Qh5+ Kf8 12. Bxe5 Bf5 13. Qg5 Bg6 14. Re1
Nf5 15. Qf4 Kg8 16. Bxc7 Qh4 17. Qxh4 Nxh4 18. Nd2 Kf7 19. c3 Rhe8 20. g3 Nf5
21. Nf3 Rxe1+ 22. Rxe1 Re8 23. Rxe8 Kxe8 24. Ne5 Ne7 25. Bd6 Bb1 26. a3 Ng6 27.
f4 Nxe5 28. dxe5 Kf7 29. Kf2 Kg6 30. g4 Kf7 31. f5 g6 32. e6+ Kg7 33. Be5+ Kf8
34. f6 1-0

[Event "DRUGA LIGA CENTRALNE SRBIJE - ISTOK 2017"]
[Site "Srebrno jezero"]
[Date "2017.10.07"]
[Round "9.2"]
[White "Golubovic, Marko"]
[Black "Tonic, Milos"]
[Result "0-1"]
[WhiteElo "1976"]
[BlackElo "2021"]
[PlyCount "120"]
[EventDate "2017.09.08"]

1. e4 c6 2. d4 d5 3. Nc3 dxe4 4. Nxe4 Bf5 5. Ng3 Bg6 6. h4 h6 7. Nf3 Nd7 8. h5
Bh7 9. Bd3 Bxd3 10. Qxd3 e6 11. Bf4 Qa5+ 12. Bd2 Qc7 13. O-O-O Bd6 14. Ne4 Ngf6
15. Nxd6+ Qxd6 16. g3 b5 17. Kb1 a5 18. Bf4 Qd5 19. Ne5 O-O 20. Qe2 Rfd8 21. g4
Nxe5 22. dxe5 Qe4 23. Qxe4 Nxe4 24. Be3 Rd5 25. Rxd5 cxd5 26. Rd1 Rc8 27. a4 b4
28. Bb6 Ra8 29. f3 Ng5 30. Rd3 Ra6 31. Bd8 Ra8 32. Bb6 Ra6 33. Bd4 Rc6 34. Kc1
Kh7 35. Kd2 g6 36. hxg6+ Kxg6 37. b3 h5 38. gxh5+ Kxh5 39. c3 bxc3+ 40. Bxc3
Rc5 41. Bd4 Rc8 42. Ke3 Rb8 43. Bb2 Kg6 44. Bc1 Kf5 45. Bd2 Ra8 46. Be1 f6 47.
exf6 Kxf6 48. Rc3 Kf5 49. Rc5 Rb8 50. Rb5 Rh8 51. Bxa5 Rh3 52. Bd8 Nxf3 53. a5
Ne5+ 54. Kd4 Nc6+ 55. Kc5 Nxd8 56. a6 Rc3+ 57. Kb6 Rc8 58. a7 Nc6 59. b4 Nxa7
60. Kxa7 Ke4 0-1

[Event "DRUGA LIGA CENTRALNE SRBIJE - ISTOK 2017"]
[Site "Srebrno jezero"]
[Date "2017.10.07"]
[Round "9.2"]
[White "Dimitrijevic, Dusan"]
[Black "Mijajlovic, Jovan"]
[Result "0-1"]
[WhiteElo "2109"]
[BlackElo "1891"]
[PlyCount "119"]
[EventDate "2017.09.08"]

1. d4 Nf6 2. c4 c5 3. d5 b5 4. cxb5 a6 5. bxa6 d6 6. Nc3 g6 7. e4 Bxa6 8. Bxa6
Rxa6 9. f4 Bg7 10. Nf3 O-O 11. O-O Nbd7 12. Nd2 Nb6 13. a4 Qa8 14. Ra3 Nfd7 15.
Qc2 c4 16. Nf3 Nc5 17. Be3 Nb3 18. a5 Nd7 19. Nb5 Rc8 20. Nfd4 Nxd4 21. Nxd4
Bxd4 22. Bxd4 Rxa5 23. Rfa1 Rxa3 24. Rxa3 Qb8 25. Ra7 Rc7 26. Rxc7 Qxc7 27. b3
Qa5 28. Kf1 cxb3 29. Qxb3 Qc7 30. Qb5 Qc1+ 31. Ke2 Qxf4 32. Qxd7 Qxe4+ 33. Be3
Qxg2+ 34. Ke1 Qe4 35. Ke2 Qc2+ 36. Ke1 Qe4 37. Ke2 f6 38. Qe6+ Qxe6 39. dxe6
Kg7 40. h4 g5 41. h5 Kh6 42. Bb6 Kxh5 43. Bd8 Kg6 44. Bxe7 Kf5 45. Bxd6 Kxe6
46. Bc7 h5 47. Kf3 Kf5 48. Kg3 Kg6 49. Kf3 f5 50. Bd8 h4 51. Be7 g4+ 52. Kf4 h3
53. Kg3 f4+ 54. Kh2 Kf5 55. Bd6 Ke4 56. Bc5 Kf3 57. Bd6 Ke3 58. Kg1 g3 59. Be5
Kf3 60. Bd6 0-1

[Event "DRUGA LIGA CENTRALNE SRBIJE - ISTOK 2017"]
[Site "Srebrno jezero"]
[Date "2017.10.07"]
[Round "9.2"]
[White "Pantic, Dejan"]
[Black "Stanojevic, Ilija"]
[Result "0-1"]
[WhiteElo "1830"]
[BlackElo "2056"]
[PlyCount "78"]
[EventDate "2017.09.08"]

1. e4 e6 2. g3 d5 3. exd5 exd5 4. Bg2 Nf6 5. d4 Bd6 6. Ne2 O-O 7. O-O h6 8. Bf4
Bg4 9. f3 Bf5 10. Bxd6 Qxd6 11. Nbc3 Nbd7 12. Qd2 Nb6 13. b3 Rac8 14. Nb5 Qd7
15. a4 a6 16. Na3 Qd6 17. a5 Nbd7 18. b4 b5 19. Qf4 Rfe8 20. Qd2 Qe7 21. Kf2 c5
22. dxc5 Nxc5 23. bxc5 Qxc5+ 24. Nd4 b4 25. Nab5 axb5 26. Rfc1 Qa7 27. Kf1 Bh7
28. a6 Rc4 29. Rd1 Rec8 30. Ra2 R8c5 31. Kg1 Bxc2 32. Re1 b3 33. Ra5 b2 34.
Nxc2 Rxc2 35. Qe3 Rxg2+ 36. Kxg2 Rc2+ 37. Kh3 Qxe3 38. Rxe3 b1=Q 39. a7 Qf1+
0-1

[Event "DRUGA LIGA CENTRALNE SRBIJE - ISTOK 2017"]
[Site "Srebrno jezero"]
[Date "2017.10.07"]
[Round "9.2"]
[White "Najdanovic, Veljko"]
[Black "Stanisavljevic, Vladan"]
[Result "0-1"]
[WhiteElo "1646"]
[BlackElo "1857"]
[PlyCount "98"]
[EventDate "2017.09.08"]

1. d4 e6 2. Bf4 Nf6 3. e3 c5 4. c3 Qa5 5. Nd2 cxd4 6. exd4 Nc6 7. Ngf3 Be7 8.
Bd3 O-O 9. O-O Qh5 10. Ne5 Qxd1 11. Raxd1 b6 12. Bb5 Bb7 13. Bg5 Rfd8 14. f4 h6
15. Bh4 Nd5 16. Bxe7 Ndxe7 17. Rde1 Nxe5 18. fxe5 d6 19. Nf3 Ng6 20. exd6 Rxd6
21. Ne5 Nxe5 22. Rxe5 Rc8 23. g4 g6 24. h4 Rd5 25. Rxd5 Bxd5 26. Kf2 Kg7 27.
Ke3 f5 28. g5 hxg5 29. hxg5 Rh8 30. c4 Be4 31. Bd7 Kf7 32. c5 Rh3+ 33. Kf4 Ke7
34. Bc8 Rh2 35. Ke5 Re2 36. Kf4 Rxb2 37. cxb6 axb6 38. Ra1 Kd6 39. a4 Rg2 40.
Ke3 Rg3+ 41. Ke2 Rc3 42. Ba6 Rg3 43. a5 bxa5 44. Rxa5 Rxg5 45. Bc8 Bd5 46. Ra6+
Ke7 47. Ra7+ Kf6 48. Ke3 Rg3+ 49. Kf4 Rf3# 0-1

[Event "DRUGA LIGA CENTRALNE SRBIJE - ISTOK 2017"]
[Site "Srebrno jezero"]
[Date "2017.10.07"]
[Round "9.2"]
[White "Savic, Natasa"]
[Black "Djelic, Jovan"]
[Result "1/2-1/2"]
[WhiteElo "1338"]
[BlackElo "1491"]
[PlyCount "73"]
[EventDate "2017.09.08"]

1. e4 g6 2. d4 Bg7 3. Nf3 d6 4. Be2 a6 5. O-O b5 6. c3 Nd7 7. Bf4 Bb7 8. Nbd2
Rc8 9. a4 c6 10. Re1 Nb6 11. a5 Nd7 12. b4 c5 13. Rc1 cxb4 14. cxb4 Ngf6 15.
Bd3 O-O 16. Qb3 Nb8 17. d5 Nbd7 18. Nf1 Ng4 19. Rxc8 Qxc8 20. Rc1 Qb8 21. h3
Nge5 22. Nxe5 Nxe5 23. Be3 Rc8 24. f4 Nxd3 25. Qxd3 Rxc1 26. Bxc1 Qc7 27. Bd2
e6 28. Ne3 f5 29. exf5 exf5 30. Kf2 Qe7 31. Ke2 Bf6 32. g3 Qg7 33. Nc2 Bb2 34.
Kf3 Qf7 35. Ne3 Bf6 36. g4 fxg4+ 37. hxg4 1/2-1/2

[Event "DRUGA LIGA CENTRALNE SRBIJE - ISTOK 2017"]
[Site "Srebrno jezero"]
[Date "2017.10.07"]
[Round "9.4"]
[White "Petkov, Vladimir"]
[Black "Radosavljevic, Slobodan D"]
[Result "0-1"]
[WhiteElo "2495"]
[BlackElo "2253"]
[PlyCount "25"]
[EventDate "2017.09.08"]

1. d4 Nf6 2. c4 c5 3. d5 b5 4. f3 g6 5. e4 d6 6. cxb5 a6 7. a4 Bg7 8. Nc3 O-O
9. Bc4 axb5 10. Nxb5 Nbd7 11. Ne2 Ne5 12. Qb3 Ba6 13. Nec3 0-1

[Event "DRUGA LIGA CENTRALNE SRBIJE - ISTOK 2017"]
[Site "Srebrno jezero"]
[Date "2017.10.07"]
[Round "9.4"]
[White "Spasojevic, Zoran M"]
[Black "Paunovic, Tomislav"]
[Result "1/2-1/2"]
[WhiteElo "2226"]
[BlackElo "2346"]
[PlyCount "61"]
[EventDate "2017.09.08"]

1. c4 e5 2. Nc3 Nf6 3. e3 d6 4. d4 Nbd7 5. Nf3 c6 6. Qc2 Be7 7. Be2 O-O 8. O-O
Re8 9. Rd1 Bf8 10. e4 h6 11. a3 exd4 12. Rxd4 Qc7 13. Bf4 a5 14. Bg3 Nh5 15.
Rad1 Nxg3 16. hxg3 Ne5 17. b4 Be6 18. Nxe5 dxe5 19. R4d2 g5 20. Qb2 axb4 21.
axb4 Red8 22. Rxd8 Rxd8 23. Rxd8 Qxd8 24. Na4 Bd6 25. c5 Bc7 26. Qc3 Qa8 27.
Nb6 Qa2 28. Bd3 Kf8 29. f3 Qb3 30. Qxb3 Bxb3 31. Nc4 1/2-1/2

[Event "DRUGA LIGA CENTRALNE SRBIJE - ISTOK 2017"]
[Site "Srebrno jezero"]
[Date "2017.10.07"]
[Round "9.4"]
[White "Todorovic, Bojan"]
[Black "Popovic, Djordje D"]
[Result "1/2-1/2"]
[WhiteElo "2351"]
[BlackElo "2247"]
[PlyCount "77"]
[EventDate "2017.09.08"]

1. Nf3 c5 2. g3 Nf6 3. Bg2 g6 4. O-O Bg7 5. c3 O-O 6. d4 cxd4 7. cxd4 d5 8. Nc3
Nc6 9. Ne5 e6 10. Nxc6 bxc6 11. Bf4 Nh5 12. Be3 f5 13. Qd2 Nf6 14. Bh6 Bxh6 15.
Qxh6 Qe7 16. Rac1 Bd7 17. Na4 Qb4 18. Nc5 Qxb2 19. Nxd7 Nxd7 20. Rxc6 Qxe2 21.
Rc7 Rf7 22. Qc1 Nf8 23. Rxf7 Kxf7 24. Qc7+ Kg8 25. Rb1 Qxa2 26. Rc1 Qa4 27. Qe5
Rd8 28. h4 Qe8 29. Bf1 Qe7 30. Bb5 Qd6 31. Qf6 Rb8 32. Ba4 Qd8 33. Qe5 Rb7 34.
Rc6 Qb8 35. Qe3 Rb6 36. Rc5 Qd6 37. Kh2 Ra6 38. Bb5 Rb6 39. Ba4 1/2-1/2

[Event "DRUGA LIGA CENTRALNE SRBIJE - ISTOK 2017"]
[Site "Srebrno jezero"]
[Date "2017.10.07"]
[Round "9.4"]
[White "Blagojevic, Vladan"]
[Black "Manic, Jovica"]
[Result "1-0"]
[WhiteElo "2065"]
[BlackElo "2220"]
[PlyCount "95"]
[EventDate "2017.09.08"]

1. c4 e5 2. Nc3 Nc6 3. g3 d6 4. Bg2 Be6 5. d3 Qd7 6. Nf3 Bh3 7. Bxh3 Qxh3 8.
Nd5 Qd7 9. b4 Nge7 10. Qa4 Nxd5 11. cxd5 Ne7 12. Qb3 g6 13. Bg5 Bg7 14. Rc1 f6
15. Bd2 O-O 16. h4 h5 17. e4 Kh7 18. Kf1 c6 19. dxc6 bxc6 20. Kg2 Bh6 21. Rhd1
Rae8 22. Bxh6 Kxh6 23. d4 exd4 24. Rxd4 Kg7 25. Qc3 Qe6 26. a3 Rb8 27. Qd3 Rfd8
28. Re1 Rd7 29. Qc3 Rc8 30. Rc4 Qg8 31. Rd1 d5 32. e5 Qe6 33. Rc5 Rcd8 34.
exf6+ Qxf6 35. Nd4 Rd6 36. Re1 Kh7 37. Qe3 R8d7 38. Qd3 Nf5 39. Nf3 Re7 40.
Rcc1 d4 41. Ng5+ Kg7 42. Ne4 Rxe4 43. Qxe4 d3 44. Rcd1 Rd4 45. Qe5 Nd6 46. Qc5
Ne4 47. Rxe4 Rxe4 48. Rxd3 1-0

[Event "DRUGA LIGA CENTRALNE SRBIJE - ISTOK 2017"]
[Site "Srebrno jezero"]
[Date "2017.10.07"]
[Round "9.4"]
[White "Nikolic, Boban"]
[Black "Ivanovic, Zoran M"]
[Result "1-0"]
[WhiteElo "2248"]
[BlackElo "2030"]
[PlyCount "106"]
[EventDate "2017.09.08"]

1. c4 e5 2. g3 Nf6 3. Bg2 Nc6 4. Nc3 g6 5. Nf3 Bg7 6. Rb1 d6 7. b4 Rb8 8. b5
Ne7 9. Qa4 b6 10. d3 Bb7 11. Bg5 Ra8 12. Bxf6 Bxf6 13. O-O O-O 14. Ne1 Bxg2 15.
Nxg2 Bg7 16. Ne3 Nf5 17. Nxf5 gxf5 18. Qa6 f4 19. Qb7 fxg3 20. hxg3 Qc8 21.
Qxc8 Rfxc8 22. Nd5 Kf8 23. Kg2 f6 24. Rh1 h6 25. Ne3 Kf7 26. Nf5 Rh8 27. Rh5 a5
28. Rbh1 Kg6 29. Kf3 e4+ 30. Kxe4 Rae8+ 31. Kf3 Re5 32. e4 Bf8 33. Ke3 Rh7 34.
f4 Re8 35. Nd4 Kf7 36. Kf3 Bg7 37. Nf5 Kg6 38. Ke3 Bf8 39. Kd4 Rc8 40. Kd5 Re8
41. a4 Ra8 42. g4 Re8 43. Nh4+ Kf7 44. Nf3 Kg6 45. Rf5 Be7 46. Nd4 Bf8 47. Ne6
Rhe7 48. Nxf8+ Rxf8 49. g5 hxg5 50. fxg5 Re5+ 51. Rxe5 fxe5 52. Kc6 Rf7 53. Rh8
Rf3 1-0

[Event "DRUGA LIGA CENTRALNE SRBIJE - ISTOK 2017"]
[Site "Srebrno jezero"]
[Date "2017.10.07"]
[Round "9.4"]
[White "Jovanovic, Darko"]
[Black "Jovanovic, Bojan P"]
[Result "0-1"]
[WhiteElo "1945"]
[BlackElo "2241"]
[PlyCount "57"]
[EventDate "2017.09.08"]

1. d4 g6 2. c4 Bg7 3. Nc3 c5 4. e3 Nc6 5. Nf3 Nh6 6. Qd2 cxd4 7. exd4 d5 8.
cxd5 Nb4 9. Bb5+ Bd7 10. Bxd7+ Qxd7 11. Ne5 Qd8 12. Qe2 a6 13. Bxh6 Bxh6 14.
O-O O-O 15. Qc4 a5 16. a3 Na6 17. Qb5 Ra7 18. f4 f5 19. Rae1 Rf6 20. Nc4 Bf8
21. d6 Rxd6 22. Nxd6 Qxd6 23. Qd5+ Qxd5 24. Nxd5 Kf7 25. Rc1 Bg7 26. Rfd1 Ke6
27. Nb6 Nb8 28. Rc7 Na6 29. Rd7 0-1

[Event "DRUGA LIGA CENTRALNE SRBIJE - ISTOK 2017"]
[Site "Srebrno jezero"]
[Date "2017.10.07"]
[Round "9.4"]
[White "Perovic, Zivojin"]
[Black "Milosevic, Aleksandar J"]
[Result "1/2-1/2"]
[WhiteElo "2180"]
[BlackElo "1970"]
[PlyCount "55"]
[EventDate "2017.09.08"]

1. e4 c5 2. Nf3 d6 3. c3 Nf6 4. h3 Nc6 5. Bd3 g6 6. O-O Bg7 7. Bc2 O-O 8. d4 b5
9. dxc5 dxc5 10. Qe2 Qb6 11. Be3 a5 12. Na3 Ba6 13. Rab1 Nd7 14. Rfd1 Rfd8 15.
b4 Bxc3 16. bxc5 Nxc5 17. Rxd8+ Rxd8 18. Nxb5 Nb4 19. a4 Qc6 20. Qc4 Nxc2 21.
Qxc5 Qxc5 22. Bxc5 Bb4 23. Bxb4 Nxb4 24. Ne5 Bxb5 25. axb5 Rb8 26. Nc4 Rxb5 27.
Nxa5 Rxa5 28. Rxb4 1/2-1/2

[Event "DRUGA LIGA CENTRALNE SRBIJE - ISTOK 2017"]
[Site "Srebrno jezero"]
[Date "2017.10.07"]
[Round "9.4"]
[White "Radisavljevic, Dalibor"]
[Black "Arandjelovic, Aleksandar Z"]
[Result "0-1"]
[WhiteElo "1871"]
[BlackElo "2092"]
[PlyCount "47"]
[EventDate "2017.09.08"]

1. e4 c5 2. Nf3 d6 3. d4 cxd4 4. Nxd4 Nf6 5. Nc3 a6 6. Be2 e5 7. Nb3 Be7 8. O-O
O-O 9. Be3 Be6 10. f4 exf4 11. Rxf4 Nc6 12. Nd5 Bxd5 13. exd5 Ne5 14. c4 Nfd7
15. Rf1 Re8 16. Re1 Bg5 17. Bxg5 Qxg5 18. Qd2 Qxd2 19. Nxd2 Nb6 20. b3 f5 21.
Nf3 Nxf3+ 22. Bxf3 Nd7 23. Kf2 Ne5 24. Be2 0-1

[Event "DRUGA LIGA CENTRALNE SRBIJE - ISTOK 2017"]
[Site "Srebrno jezero"]
[Date "2017.10.07"]
[Round "9.5"]
[White "Golubovic, Zoran"]
[Black "Pezelj, Sinisa"]
[Result "1-0"]
[WhiteElo "2274"]
[BlackElo "2273"]
[PlyCount "91"]
[EventDate "2017.09.08"]

1. d4 e6 2. c4 f5 3. Nc3 Nf6 4. g3 Be7 5. Bg2 O-O 6. Nf3 Ne4 7. Qc2 d5 8. O-O
c6 9. Rb1 a5 10. a3 Bd7 11. Ne5 Be8 12. c5 Nd7 13. Nxd7 Bxd7 14. Na4 Qe8 15. f3
Nf6 16. Bf4 Nh5 17. Bc7 Bd8 18. Bxd8 Rxd8 19. f4 g5 20. Qd2 gxf4 21. gxf4 Qe7
22. Qxa5 Qh4 23. Qe1 Qg4 24. Qf2 Kh8 25. Kh1 Rg8 26. Bf3 Qh3 27. Bxh5 Qxh5 28.
Rg1 Rg4 29. Nb6 e5 30. Nxd7 Rxd7 31. dxe5 Rdg7 32. b4 d4 33. Rxg4 fxg4 34. Qg3
Qf5 35. Rf1 Qe4+ 36. Kg1 Qxe2 37. f5 d3 38. f6 Rd7 39. Re1 Qb2 40. Qxg4 d2 41.
Rf1 d1=Q 42. Rxd1 Rxd1+ 43. Qxd1 Kg8 44. Qd7 Qc1+ 45. Kg2 Qg5+ 46. Kf3 1-0

[Event "DRUGA LIGA CENTRALNE SRBIJE - ISTOK 2017"]
[Site "Srebrno jezero"]
[Date "2017.10.07"]
[Round "9.5"]
[White "Bura, Goran"]
[Black "Keca, Dragomir"]
[Result "0-1"]
[WhiteElo "2231"]
[BlackElo "2174"]
[PlyCount "77"]
[EventDate "2017.09.08"]

1. Nf3 d5 2. c4 d4 3. b4 f6 4. d3 e5 5. a3 a5 6. b5 c5 7. g3 Bg4 8. Bg2 Qd7 9.
h3 Be6 10. Nbd2 Nh6 11. Ne4 Nf7 12. e3 Be7 13. exd4 cxd4 14. h4 O-O 15. O-O h6
16. Re1 Ra7 17. a4 b6 18. Ba3 Bxa3 19. Rxa3 Qe7 20. Ra2 Nd7 21. Rae2 Rd8 22.
Nxd4 exd4 23. Nxf6+ Nxf6 24. Rxe6 Qc7 25. Rc6 Qb8 26. Ree6 Rd6 27. Qe1 Rad7 28.
Bh3 Rxc6 29. Rxc6 Ne5 30. Qe2 Nxc6 31. Bxd7 Ne5 32. Be6+ Kf8 33. c5 bxc5 34. f4
Ned7 35. Qf3 Qd6 36. Bb3 Qe7 37. Qa8+ Qe8 38. Qxa5 Qe3+ 39. Kg2 0-1

[Event "DRUGA LIGA CENTRALNE SRBIJE - ISTOK 2017"]
[Site "Srebrno jezero"]
[Date "2017.10.07"]
[Round "9.5"]
[White "Radivojevic, Milan Z"]
[Black "Rajkovic, Aleksandar"]
[Result "1/2-1/2"]
[WhiteElo "2083"]
[BlackElo "2205"]
[PlyCount "20"]
[EventDate "2017.09.08"]

1. c4 Nf6 2. g3 e5 3. Bg2 Bc5 4. Nc3 a6 5. e3 Nc6 6. Nge2 O-O 7. O-O Re8 8. a3
d6 9. b4 Ba7 10. Bb2 Be6 1/2-1/2

[Event "DRUGA LIGA CENTRALNE SRBIJE - ISTOK 2017"]
[Site "Srebrno jezero"]
[Date "2017.10.07"]
[Round "9.5"]
[White "Mickovic, Slavisa"]
[Black "Zivkovic, Ljubisa"]
[Result "1-0"]
[WhiteElo "2102"]
[BlackElo "1965"]
[PlyCount "40"]
[EventDate "2017.09.08"]

1. d4 Nf6 2. c4 g6 3. Nc3 d5 4. Bg5 Ne4 5. Bh4 Nxc3 6. bxc3 Bg7 7. e3 O-O 8.
cxd5 Qxd5 9. Bxe7 Re8 10. Ba3 Qa5 11. Bb4 Qd5 12. Nf3 a5 13. Ba3 c6 14. Be2 Bf5
15. O-O h6 16. Nd2 Na6 17. Nc4 Rad8 18. Nb6 Qe4 19. h3 h5 20. Qa4 Bh6 1-0

[Event "DRUGA LIGA CENTRALNE SRBIJE - ISTOK 2017"]
[Site "Srebrno jezero"]
[Date "2017.10.07"]
[Round "9.5"]
[White "Stojanovic, Milorad"]
[Black "Njegic, Vladimir"]
[Result "0-1"]
[WhiteElo "1922"]
[BlackElo "2133"]
[PlyCount "80"]
[EventDate "2017.09.08"]

1. e4 d6 2. d4 Nf6 3. Bd3 e5 4. c3 d5 5. dxe5 Nxe4 6. Bxe4 dxe4 7. Qxd8+ Kxd8
8. Be3 Nd7 9. f4 exf3 10. Nxf3 h6 11. O-O Bc5 12. Bxc5 Nxc5 13. Na3 a6 14.
Rad1+ Ke7 15. h3 Be6 16. c4 Rad8 17. b3 Ne4 18. Nb1 Rxd1 19. Rxd1 Rd8 20. Rxd8
Kxd8 21. Nbd2 Bf5 22. Nd4 Bh7 23. Nxe4 Bxe4 24. c5 Ke7 25. g3 f6 26. exf6+ Kxf6
27. Kf2 Ke5 28. Ke3 g5 29. h4 gxh4 30. gxh4 Bh7 31. b4 Kd5 32. a3 a5 33. Nb5
Kc6 34. Nc3 b6 35. Kd4 Bf5 36. Nd5 Bh3 37. Nc3 Bf1 38. Nd5 axb4 39. axb4 Bg2
40. Nc3 Bf3 0-1

[Event "DRUGA LIGA CENTRALNE SRBIJE - ISTOK 2017"]
[Site "Srebrno jezero"]
[Date "2017.10.07"]
[Round "9.5"]
[White "Kostic, Tomislav"]
[Black "Stankovic, Darko"]
[Result "1/2-1/2"]
[WhiteElo "2046"]
[BlackElo "1912"]
[PlyCount "76"]
[EventDate "2017.09.08"]

1. e4 c5 2. Nf3 Nc6 3. d4 cxd4 4. Nxd4 Nf6 5. Nc3 e5 6. Ndb5 d6 7. Bg5 a6 8.
Na3 Be7 9. Bxf6 Bxf6 10. Nc4 Nd4 11. Nd5 b5 12. Nce3 Bg5 13. Bd3 O-O 14. O-O g6
15. c3 Ne6 16. a4 bxa4 17. Nc4 Nc5 18. Bc2 Rb8 19. Nb4 Bb7 20. Qxd6 Qxd6 21.
Nxd6 a5 22. Nd5 Ba6 23. Rfd1 Rfd8 24. Ne3 Bxe3 25. fxe3 Rb6 26. Rd5 Rdxd6 27.
Rxc5 Rxb2 28. Bxa4 Rdd2 29. c4 Rxg2+ 30. Kh1 Rxh2+ 31. Kg1 Rhe2 32. Bc6 Rxe3
33. Bd5 Rc3 34. Rc7 Rbc2 35. Bxf7+ Kh8 36. Rxa5 Rc1+ 37. Kg2 R1c2+ 38. Kg1 Rc1+
1/2-1/2